| 000 | 01305nam a2200349 a 4500 | ||
|---|---|---|---|
| 001 | 000110378 | ||
| 003 | CHAP | ||
| 005 | 20220329144129.0 | ||
| 008 | 140822s2014 mx | |sm |||||||spa|d | ||
| 010 | _a106840 | ||
| 011 | _a107812 | ||
| 040 | _cCHAP | ||
| 090 | _aTesis | ||
| 100 | 1 |
_aMarcos Valerio, Jordan _9127862 |
|
| 245 | 1 | 0 |
_aEfecto de la suplementación con alfa-amilasa sobre el comportamiento productivo en vacas frescas en la Comarca Lagunera _h[En línea] _cpor Jordan Marcos Valerio. |
| 260 |
_aBermejillo, Dgo. : _bEl autor, _c2014. |
||
| 500 | _aPara ver el contenido del material haga clic en la liga | ||
| 502 | _aTesis (Ing. Agr. Esp. en Sistemas Pecuarios de Zonas Aridas) -- UACH. Unidad Regional Universitaria de Zonas Áridas | ||
| 590 |
_aBATCH-UPD _b05 _c20140822 _lUCH01 _h1244 |
||
| 590 |
_aBATCH-UPD _b05 _c20141002 _lUCH01 _h0905 |
||
| 590 |
_aE792CSJ _b05 _c20140822 _lUCH01 _h1243 |
||
| 590 |
_aE792CSJ _b05 _c20140822 _lUCH01 _h1243 |
||
| 650 | 1 | 4 |
_aDiastasa. _9127863 |
| 650 | 1 | 4 |
_aEnzimas. _937195 |
| 650 | 1 | 4 |
_aGanado vacuno _xComarca Lagunera. _945446 |
| 650 | 1 | 4 |
_aGanado vacuno _xProducción. _945506 |
| 650 | 1 | 4 |
_aSacarosa. _9101122 |
| 856 |
_aFinding aid _uhttp://10.13.5.2/tesis/sist110378.pdf _zTeclea aquí |
||
| 901 | _aBK | ||
| 942 | _cTESIS | ||
| 942 | _n0 | ||
| 999 |
_c106840 _d106840 |
||